Normal view MARC view
  • Reyes, María José

Entry Nombre Personal

Number of records used in: 1

001 - NUMERO DE CONTROL

  • campo de control: 50650

003 - IDENTIFICADOR DE NUMERO DE CONTROL

  • campo de control: UPN

005 - FECHA Y HORA DE LA ÜLTIMA TRANSACCIÓN

  • campo de control: 20240305101400.0

008 - DATOS DE LONGITUD FIJA

  • campo de control de longitud fija: 231116|| acz||aabn | a|a d

040 ## - FUENTE DE CATALOGACIÓN

  • Agencia original de catalogación: MX-MxUPN

100 1# - ENCABEZAMIENTO - NOMBRE PERSONAL

  • Nombre personal: Reyes, María José

370 ## - LUGAR ASOCIADO

  • Place of birth: Santiago, Chile

371 ## - DIRECCIÓN

  • Electronic mail address: mjrandreani@u.uchile.cl

372 ## - CAMPO DE ACTIVIDAD

  • Field of activity: Psicología
  • Field of activity: Docencia

373 ## - GRUPO ASOCIADO

  • Associated group: Universidad de Chile. Departamento de Psicología.

374 ## - OCUPACIÓN

  • Occupation: Psicóloga
  • Occupation: Profesora universitaria

670 ## - FUENTE EN LA QUE SE LOCALIZARON DATOS

  • Cita de la fuente: En recurso en línea: Cinta de moebio : revista de epistemología de ciencias sociales. No. 45 (2012)
  • Información localizada: página 253 (María José Reyes)
  • Uniform Resource Identifier: https://cintademoebio.uchile.cl/index.php/CDM/article/view/25899/27214

902 ## - CATALOGADOR

  • Catalogador: RGJD/161123